LEADER 03654nam0 2200721 i 450 001 IEI0151554 005 20251003044200.0 010 $a8815076425 020 $aIT$b2001-11270 100 $a20170103d2000 ||||0itac50 ba 101 | $aita 102 $ait 181 1$6z01$ai $bxxxe 182 1$6z01$an 183 1$6z01$anc$2RDAcarrier 200 1 $aˆLa ‰riforma del governo$ecommento ai decreti legislativi n. 300 e n. 303 del 1999 sulla riorganizzazione della Presidenza del consiglio e dei ministeri$fa cura di Alessandro Pajno e Luisa Torchia 210 $aBologna$cIl mulino$d\2000! 215 $a542 p.$d21 cm. 606 $aPresidenza del Consiglio dei ministri$xRiforma$2FIR$3CFIC051496$9I 606 $aMinisteri$xOrdinamento$xRiforma$2FIR$3CFIC034237$9I 606 $aMinisteri$xOrdinamento$xRiforma$2FIR$3CFIC034237$9I 606 $aPresidenza del Consiglio dei ministri$xRiforma$2FIR$3CFIC051496$9I 676 $a320.4$9STRUTTURA E FUNZIONI DEL GOVERNO$v21 676 $a342.0602638$9$v21 676 $a342.4506$9POTERE ESECUTIVO. ITALIA$v20 676 $a342.45062$9$v14 676 $a342.45062$9POTERE ESECUTIVO DELLO STATO. CAPO DELL'ESECUTIVO. ITALIA$v19 676 $a342.45062$9POTERE ESECUTIVO. CAPI E VICECAPI DELL'ESECUTIVO. ITALIA$v21 676 $a353$9AMMINISTRAZIONE CENTRALE E REGIONALE ITALIANA$v20 686 $aI A$cDIRITTO PUBBLICO - Diritto costituzionale e comparato$2BGG 696 $aRiforma protestante 696 $aMinisteri statali$aDicasteri$aRiforma protestante$aOrdinamento giuridico 696 $aMinisteri statali$aDicasteri$aRiforma protestante$aOrdinamento giuridico 696 $aRiforma protestante 699 $aRiforma$yRiforma protestante 699 $aMinisteri$yMinisteri statali 699 $aMinisteri$yDicasteri 699 $aRiforma$yRiforma protestante 699 $aOrdinamento$zOrdinamento giuridico 699 $aMinisteri$yMinisteri statali 699 $aMinisteri$yDicasteri 699 $aRiforma$yRiforma protestante 699 $aOrdinamento$zOrdinamento giuridico 699 $aRiforma$yRiforma protestante 702 1$aTorchia$b, Luisa$3CFIV053271 702 1$aPajno$b, Alessandro$3RAVV100141 801 3$aIT$bIT-000000$c20170103 850 $aIT-BN0095 $aIT-SA0060 $aIT-AV0007 $aIT-NA0079 $aIT-NA0070 $aIT-CE0072 $aIT-NA0075 $aIT-AV0045 $aIT-NA0467 901 $bNAP 01$cD $n$ 901 $bNAP MV$cP $nSALA BIBLIOGRAFIA 901 $bNAP BN$cMAGAZZINO $nmagazzini correnti divisi per anni 901 $bNAP BN$cS.MOD $nLa consegna dei documenti è effettuata dall'Ufficio Distribuzione 901 $bNAP 27$cSALA $n$ 901 $bNAP CE$cBIBL.SOPR.$n$ 901 $bNAP AV$cSEZ. M $nSezione Moderna 901 $bNAP 01$cPOZZO LIB.$nVi sono collocati fondi di economia, periodici di ingegneria e scienze, periodici di economia e statistica e altri fondi comprendenti documenti di economia pervenuti in dono. 901 $bNAP BU$cCONS. $nConsultazione. 901 $bNAP SD$cSALA S $n$ 912 $aIEI0151554 950 0$aBiblioteca Centralizzata di Ateneo$d 01D (AR) 30 163$e 01AR 0700301635 VMA 1 v.$fY $h20130925$i20130925$b1 v.$c1 v.$d 01POZZO LIB.ECON MON 8378$e 0101 0000088015E VMA 1 v. (Precedente collocazione: GUERRAZZI A 15)$fB $h20070910$i20070910 977 $a 01$a 27$a AV$a BN$a BU$a CE$a GE$a MV$a SD 996 $aRiforma del governo$963657 997 $aUNISANNIO